Cities Of US, Canada, and Mexico - Statistics

General Stats
  • This quiz has been taken 8 times
  • The average score is 71 of 115
Answers on the Map
Answers color-coded by a green-red scale on the quiz's map according to % correct below.
 
Answer Stats
Answer % Correct
San Antonio
100%
Albuquerque
88%
Baltimore
88%
Boston
88%
Dallas
88%
Denver
88%
Detroit
88%
El Paso
88%
Guadalajara
88%
Honolulu
88%
Houston
88%
Indianapolis
88%
Kansas City
88%
Las Vegas
88%
Los Angeles
88%
Mexico City
88%
Miami
88%
Minneapolis
88%
Monterrey
88%
Montreal
88%
New Orleans
88%
New York
88%
Ottawa
88%
Philadelphia
88%
Phoenix
88%
Portland
88%
Puebla
88%
Quebec
88%
Saint Louis
88%
Seattle
88%
Tampa
88%
Tijuana
88%
Toronto
88%
Winnipeg
88%
Acapulco
75%
Anchorage
75%
Atlanta
75%
Buffalo
75%
Calgary
75%
Chicago
75%
Chihuahua
75%
Cleveland
75%
Columbus
75%
Halifax
75%
Jackson
75%
Milwaukee
75%
Nashville
75%
Nuuk
75%
Providence
75%
Raleigh
75%
Regina
75%
Salt Lake CIty
75%
San Diego
75%
Washington D.C.
75%
Yellowknife
75%
Amarillo
63%
Boise
63%
Charleston
63%
Cincinnati
63%
Edmonton
63%
Hamilton
63%
Leon
63%
Lubbock
63%
Memphis
63%
Merida
63%
Omaha
63%
Reno
63%
Salem
63%
San Francisco
63%
Santa Fe
63%
Saskatoon
63%
Savannah
63%
St John’s
63%
Thunder Bay
63%
Tucson
63%
Whitehorse
63%
Cabo San Lucas
50%
Corpus Christi
50%
Duluth
50%
Fargo
50%
Iqaluit
50%
Jacksonville
50%
Madison
50%
Mexicali
50%
Oaxaca
50%
Sioux Falls
50%
Spokane
50%
Tulsa
50%
Wichita
50%
Billings
38%
Casper
38%
Cheyenne
38%
Culiacan
38%
Des Moines
38%
Eugene
38%
Helena
38%
Juneau
38%
San Jose
38%
Topeka
38%
Torreon
38%
Pueblo
25%
Roanoke
25%
San Luis Potosi
25%
Victoria
25%
Charlottetown
13%
Churchill
13%
Prince George
13%
Sault Ste.Marie
13%
Shreveport
13%
Sudbury
13%
Windsor
13%
Ittoqqortoormiit
0%
Kelowna
0%
Kingston
0%
Qaqortoq
0%
No matching quizzes found
Score Distribution
Percent of People with Each Score
Percentile by Number Answered
Your Score History
You have not taken this quiz